<?xml version="1.0" encoding="UTF-8"?>
<record
    xmlns:xsi="http://www.w3.org/2001/XMLSchema-instance"
    xsi:schemaLocation="http://www.loc.gov/MARC21/slim http://www.loc.gov/standards/marcxml/schema/MARC21slim.xsd"
    xmlns="http://www.loc.gov/MARC21/slim">

  <leader>01432nam a2200349 i 4500</leader>
  <controlfield tag="003">DO-SdBNP</controlfield>
  <controlfield tag="005">20240228130358.0</controlfield>
  <controlfield tag="007">ta</controlfield>
  <controlfield tag="008">230412e2013    dr ao||er|||| 000 pdspa d</controlfield>
  <datafield tag="020" ind1=" " ind2=" ">
    <subfield code="a">9789945009286</subfield>
  </datafield>
  <datafield tag="040" ind1=" " ind2=" ">
    <subfield code="a">DO-SdBNP</subfield>
    <subfield code="b">spa</subfield>
    <subfield code="c">BNPHU</subfield>
    <subfield code="e">rda</subfield>
  </datafield>
  <datafield tag="082" ind1=" " ind2="4">
    <subfield code="2">22</subfield>
    <subfield code="b">G633t</subfield>
  </datafield>
  <datafield tag="100" ind1="1" ind2=" ">
    <subfield code="a">G&#xF3;mez Rosa, Alexis,</subfield>
    <subfield code="d">1950-</subfield>
    <subfield code="e">autor</subfield>
    <subfield code="9">23501</subfield>
  </datafield>
  <datafield tag="245" ind1="1" ind2="0">
    <subfield code="a">Trueno robado /</subfield>
    <subfield code="b">(haikus y otras japoner&#xED;as)</subfield>
    <subfield code="c">Alexis G&#xF3;mez-Rosa ; traducci&#xF3;n, Mayuni Hidaka ; Fotos, Alexis M&#xE9;ndez, Augusto Valdivia, Milton Gonz&#xE1;lez ; pintura, Sarah Patricia Castillo ; diagramaci&#xF3;n y arte final, Melissa Moquete Smith.</subfield>
  </datafield>
  <datafield tag="264" ind1=" " ind2="1">
    <subfield code="a">Santo Domingo :</subfield>
    <subfield code="b">Gente,</subfield>
    <subfield code="c">2013</subfield>
  </datafield>
  <datafield tag="300" ind1=" " ind2=" ">
    <subfield code="a">131 p&#xE1;ginas :</subfield>
    <subfield code="b">Ilustraciones, fotograf&#xED;as, pinturas,</subfield>
    <subfield code="c">17 cm.</subfield>
  </datafield>
  <datafield tag="336" ind1=" " ind2=" ">
    <subfield code="2">rdacontent</subfield>
    <subfield code="a">texto</subfield>
    <subfield code="b">txt</subfield>
  </datafield>
  <datafield tag="337" ind1=" " ind2=" ">
    <subfield code="2">rdamedia</subfield>
    <subfield code="a">sin mediaci&#xF3;n</subfield>
    <subfield code="b">n</subfield>
  </datafield>
  <datafield tag="338" ind1=" " ind2=" ">
    <subfield code="2">rdacarrier</subfield>
    <subfield code="a">volumen</subfield>
    <subfield code="b">nc</subfield>
  </datafield>
  <datafield tag="500" ind1=" " ind2=" ">
    <subfield code="a">Incluye datos biogr&#xE1;ficos del autor en las solapas </subfield>
  </datafield>
  <datafield tag="546" ind1=" " ind2=" ">
    <subfield code="a">Libro en dos idiomas: idioma espa&#xF1;ol, idioma japon&#xE9;s.</subfield>
  </datafield>
  <datafield tag="590" ind1=" " ind2=" ">
    <subfield code="a">Inventariado 2023 /BT</subfield>
  </datafield>
  <datafield tag="700" ind1="1" ind2=" ">
    <subfield code="a">Hidaka, Mayumi,</subfield>
    <subfield code="e">traductor</subfield>
    <subfield code="9">73015</subfield>
  </datafield>
  <datafield tag="700" ind1="1" ind2=" ">
    <subfield code="9">43326</subfield>
    <subfield code="a">M&#xE9;ndez, Alexis,</subfield>
    <subfield code="e">fotos</subfield>
  </datafield>
  <datafield tag="700" ind1="1" ind2=" ">
    <subfield code="a">Valdivia, Augusto,</subfield>
    <subfield code="e">fotos</subfield>
    <subfield code="9">83243</subfield>
  </datafield>
  <datafield tag="700" ind1="1" ind2=" ">
    <subfield code="a">Gonz&#xE1;lez, Milton,</subfield>
    <subfield code="e">fotos</subfield>
    <subfield code="9">83244</subfield>
  </datafield>
  <datafield tag="700" ind1="1" ind2=" ">
    <subfield code="9">25720</subfield>
    <subfield code="a">Molinaza, Jos&#xE9;,</subfield>
    <subfield code="e">foto autor</subfield>
  </datafield>
  <datafield tag="700" ind1="1" ind2=" ">
    <subfield code="a">Catillo, Sarah Patricia,</subfield>
    <subfield code="e">pinturas</subfield>
    <subfield code="9">83245</subfield>
  </datafield>
  <datafield tag="700" ind1="1" ind2=" ">
    <subfield code="a">Moquete Smith, Melissa,</subfield>
    <subfield code="e">diagramador</subfield>
    <subfield code="9">83246</subfield>
  </datafield>
  <datafield tag="910" ind1=" " ind2=" ">
    <subfield code="a">Btav&#xE1;rez</subfield>
  </datafield>
  <datafield tag="942" ind1=" " ind2=" ">
    <subfield code="2">ddc</subfield>
    <subfield code="c">LBS1</subfield>
  </datafield>
  <datafield tag="952" ind1=" " ind2=" ">
    <subfield code="0">0</subfield>
    <subfield code="1">0</subfield>
    <subfield code="2">ddc</subfield>
    <subfield code="5">1</subfield>
    <subfield code="7">0</subfield>
    <subfield code="8">PD</subfield>
    <subfield code="a">BNPHU</subfield>
    <subfield code="b">BNPHU</subfield>
    <subfield code="c">CT</subfield>
    <subfield code="d">2022-04-12</subfield>
    <subfield code="e">Donado por V&#xED;ctor Hugo</subfield>
    <subfield code="o">BNPHU PD G633t</subfield>
    <subfield code="p">2023-1332</subfield>
    <subfield code="r">2023-04-12</subfield>
    <subfield code="w">2023-04-12</subfield>
    <subfield code="y">LBS1</subfield>
  </datafield>
  <datafield tag="952" ind1=" " ind2=" ">
    <subfield code="0">0</subfield>
    <subfield code="1">0</subfield>
    <subfield code="2">ddc</subfield>
    <subfield code="5">1</subfield>
    <subfield code="7">0</subfield>
    <subfield code="8">PD</subfield>
    <subfield code="a">BNPHU</subfield>
    <subfield code="b">BNPHU</subfield>
    <subfield code="c">CT</subfield>
    <subfield code="d">2023-06-23</subfield>
    <subfield code="e">Donado por Nieves L. Emeterio R.</subfield>
    <subfield code="l">0</subfield>
    <subfield code="o">BNPHU PD G633t</subfield>
    <subfield code="p">2023-2727</subfield>
    <subfield code="r">2023-06-23</subfield>
    <subfield code="t">e.2</subfield>
    <subfield code="w">2023-06-23</subfield>
    <subfield code="y">LBS1</subfield>
  </datafield>
  <datafield tag="952" ind1=" " ind2=" ">
    <subfield code="0">0</subfield>
    <subfield code="1">0</subfield>
    <subfield code="2">ddc</subfield>
    <subfield code="5">6</subfield>
    <subfield code="7">0</subfield>
    <subfield code="8">DS</subfield>
    <subfield code="a">BNPHU</subfield>
    <subfield code="b">BNPHU</subfield>
    <subfield code="c">CT</subfield>
    <subfield code="d">2024-02-13</subfield>
    <subfield code="e">Donado por CERTV</subfield>
    <subfield code="l">0</subfield>
    <subfield code="o">BNPHU DS G633t</subfield>
    <subfield code="p">2024-1062</subfield>
    <subfield code="r">2024-02-13</subfield>
    <subfield code="t">e.3</subfield>
    <subfield code="w">2024-02-13</subfield>
    <subfield code="y">LBS1</subfield>
  </datafield>
  <datafield tag="952" ind1=" " ind2=" ">
    <subfield code="0">0</subfield>
    <subfield code="1">0</subfield>
    <subfield code="2">ddc</subfield>
    <subfield code="5">6</subfield>
    <subfield code="7">0</subfield>
    <subfield code="8">DS</subfield>
    <subfield code="a">BNPHU</subfield>
    <subfield code="b">BNPHU</subfield>
    <subfield code="c">HD</subfield>
    <subfield code="d">2026-04-06</subfield>
    <subfield code="e">Donaci&#xF3;n</subfield>
    <subfield code="l">0</subfield>
    <subfield code="o">BNPHU DS G633t</subfield>
    <subfield code="p">2026-2493</subfield>
    <subfield code="r">2026-04-06</subfield>
    <subfield code="t">e.4</subfield>
    <subfield code="w">2026-04-06</subfield>
    <subfield code="y">LBS1</subfield>
    <subfield code="z">Monica Despradel</subfield>
  </datafield>
  <datafield tag="999" ind1=" " ind2=" ">
    <subfield code="c">53214</subfield>
    <subfield code="d">53214</subfield>
  </datafield>
</record>
